| 000 | 00749cab a2200265 4500 | ||
|---|---|---|---|
| 001 | ABS59262 | ||
| 008 | 090401t1998 xxu||||| |||| 00| 0 eng d | ||
| 035 | _a(Sirsi) u88565 | ||
| 041 | _aeng | ||
| 100 | _aPringle, J, | ||
| 245 | _aStand and deliver | ||
| 260 | _c1998 | ||
| 350 | _a0 | ||
| 490 |
_aArchitects` Journal _v208(7) 20 August 1998, 23-33(9) |
||
| 520 | _aA feature on the new Grand Stand at Lord`s, looking at the design, working details and an analysis of construction costs. Plans. | ||
| 650 | _aCOSTS | ||
| 650 | _aDESIGN | ||
| 650 | _aGRANDSTAND | ||
| 650 | _aLORDS CRICKET GROUND | ||
| 650 | _aPLANS | ||
| 650 | _aSTADIA | ||
| 690 | _aBUILT ENVIRONMENT-CONSTRUCTION DESIGN | ||
| 942 | _n0 | ||
| 948 | _c21/09/1998 | ||
| 999 |
_c55974 _d55974 |
||